Russia or Belarus? - Statistics

General Stats
  • This quiz has been taken 143 times
  • The average score is 9 of 10
Answer Stats
Question Answer % Correct
Capital city is Minsk Belarus
100%
Has/Have had the same president since 1994 Belarus
95%
Was/Were part of the USSR (Soviet Union) Both
95%
One of the/The official language/s is Russian Both
95%
Has/have blue on its/their flag/s Russia
95%
Border/s Lithuania Both
89%
Border/s South Korea None
89%
Its/Their name/s mean/s Red Russians None
84%
Has/Have 12 active volcanoes Russia
84%
The first version of Tetris was made here Russia
84%
No matching quizzes found
Score Distribution
Percent of People with Each Score
Percentile by Number Answered
Your Score History
You have not taken this quiz